| 000 | 00668nam a22002295i 4500 | ||
|---|---|---|---|
| 001 | 176522 | ||
| 003 | ES-MaACL | ||
| 005 | 20230906220116.0 | ||
| 008 | 110120s1967 sp |||| | cat d | ||
| 080 | _a27-725 | ||
| 245 | 0 | 4 |
_aLes nostres monges / _cJaume Lores ... [et al.]. |
| 260 |
_aBarcelona : _bEditorial Franciscana, _c1967. |
||
| 300 |
_a158 p. ; _c19 cm. |
||
| 490 | 1 |
_aCritèrion ; _v33 |
|
| 504 | _aBibliografía: p. 145-158. | ||
| 546 | _aTexto en catalán. | ||
| 650 | 0 | 4 |
_aReligiosos. _916837 |
| 700 | 0 |
_aLorés, Jaume. _9144816 |
|
| 830 | 0 |
_aCritèrion ; _v33 _9190117 |
|
| 852 |
_aES-MaACL _jE-14120 _xOlim P-735 |
||
| 999 |
_c176522 _d176522 |
||